| 000 | 00501cam a2200169 4500 | ||
|---|---|---|---|
| 082 |
_a621.4025 _bKEM |
||
| 100 | 1 |
_aKemler, Emory N. _941794 |
|
| 245 | 1 | 0 |
_aHeat pump applications, _cby Emory N. Kemler and Sabert Oglesby, Jr. |
| 250 | _a1st ed. | ||
| 260 |
_aNew York, _bMcGraw-Hill _c[c1950] |
||
| 300 |
_avii, 300 p. _bdiagrs. _c24 cm. |
||
| 526 |
_a0 _b0 _c0 _d621_402500000000000_KEM |
||
| 650 | 0 |
_aHeat pumps. _941795 |
|
| 650 | 0 |
_aMCE _9379 |
|
| 700 | 1 |
_aOglesby, Sabert, _941796 |
|
| 942 |
_2ddc _cBK |
||
| 999 |
_c545832 _d545832 |
||